000 00573 a2200193 4500
001 62022
005 20260407155914.0
008 260407a1978 arg spa d
003 AR-UNSa-BCEJYS
040 _aAR-UNSa-BCEJYS
_bspa
_cAR-UNSa-BCEJYS
080 _a369
_xSeguridad social
245 1 0 _aDerecho de la seguridad social
_pComplemento de actualización de la legislación nacional
264 1 _aBuenos Aires :
_bEDIAR
_c1978
300 _a142 p.
_c20 cm.
041 _aspa
942 _cBK
590 _aniveau_biblio:m niveau_hierar:0
100 1 _aEtala, Juan José
999 _c7553
_d7553